Direct and alternating currents: (Record no. 191029)
[ view plain ]
| 000 -LEADER | |
|---|---|
| fixed length control field | 00476 a2200157 4500 |
| 003 - CONTROL NUMBER IDENTIFIER | |
| control field | Nust |
| 005 - DATE AND TIME OF LATEST TRANSACTION | |
| control field | 20221031121507.0 |
| 040 ## - CATALOGING SOURCE | |
| Transcribing agency | Nust |
| 082 ## - DEWEY DECIMAL CLASSIFICATION NUMBER | |
| Classification number | 621.31912,LOE |
| 100 ## - MAIN ENTRY--PERSONAL NAME | |
| Personal name | Loew, E.A |
| 9 (RLIN) | 101936 |
| 245 ## - TITLE STATEMENT | |
| Title | Direct and alternating currents: |
| Remainder of title | theory and machinery / |
| Statement of responsibility, etc. | E.A Loew and F.R. Bergseth |
| 250 ## - EDITION STATEMENT | |
| Edition statement | 4th ed |
| 260 ## - PUBLICATION, DISTRIBUTION, ETC. | |
| Place of publication, distribution, etc. | McGraw-Hill, |
| Name of publisher, distributor, etc. | London |
| Date of publication, distribution, etc. | 1954 |
| 505 ## - FORMATTED CONTENTS NOTE | |
| Formatted contents note | Part One: Direct Currents (Page-3), Part Two: Alternating Currents (Page-281), |
| 942 ## - ADDED ENTRY ELEMENTS (KOHA) | |
| Source of classification or shelving scheme | |
| Koha item type | Book |
| Withdrawn status | Lost status | Source of classification or shelving scheme | Damaged status | Not for loan | Collection code | Permanent Location | Current Location | Date acquired | Total Checkouts | Full call number | Barcode | Date last seen | Price effective from | Koha item type | Shelving location | Public note |
|---|---|---|---|---|---|---|---|---|---|---|---|---|---|---|---|---|
| Military College of Signals (MCS) | Military College of Signals (MCS) | 12/12/2016 | 621.31912 LOE | MCS6251 | 12/08/2016 | 12/12/2016 | Book | |||||||||
| Military College of Signals (MCS) | Military College of Signals (MCS) | 12/12/2016 | 621.31912,LOE | MCS6252 | 12/08/2016 | 12/12/2016 | Book | General Stacks | Almirah No.29, Shelf No.4 | |||||||
| Military College of Signals (MCS) | Military College of Signals (MCS) | 12/12/2016 | 621.31912 LOE | MCS6257 | 12/08/2016 | 12/12/2016 | Book | |||||||||
| Military College of Signals (MCS) | Military College of Signals (MCS) | 12/12/2016 | 621.31912 LOE | MCS6283 | 12/08/2016 | 12/12/2016 | Book | |||||||||
| Military College of Signals (MCS) | Military College of Signals (MCS) | 12/12/2016 | 621.31912 LOE | MCS6309 | 12/08/2016 | 12/12/2016 | Book |
